Countries that don't exist anymore.(Hard) - Statistics

General Stats
  • This quiz has been taken 41 times
  • The average score is 15 of 80
Answer Stats
Picture Answer % Correct
Ottoman Empire
94%
Soviet Union
78%
East Germany
75%
Yugoslavia
69%
Korean Empire
63%
Prussia
63%
Tibet
63%
Union of South Africa
53%
Tsardom of Russia
50%
Qing dynasty
44%
Viceroyalty of the Río de la Plata
44%
Second Mexican Empire
41%
Spanish Empire
41%
United Provinces of the Río de la Plata
41%
Rattanakosin Kingdom
38%
California Republic
34%
Empire of Brazil
34%
Ethiopian Empire
34%
Norway and Sweden
31%
Holy Roman Empire
28%
South Vietnam
28%
Zaire
28%
British Raj
25%
Gran Colombia
25%
Sweden and Norway
25%
Dutch East Indies
22%
Republic of South Vietnam
22%
Russian Empire
22%
Orange Free State
19%
Vermont Republic
16%
Achaemenid Empire
13%
Dahomey
13%
Karelo-Finnish Soviet Socialist Republic
13%
Manchukuo
13%
Rhodesia
13%
Thirteen Colonies
13%
Aymara kingdoms
9%
Bogd Khanate of Mongolia
9%
Emirate of Nejd
9%
Kalmyk Autonomous Soviet Socialist Republic
9%
Anglo-Egyptian Sudan
6%
Duchy of Brittany
6%
Free City of Danzig
6%
Grand Duchy of Moscow
6%
Jammu and Kashmir (state)
6%
Joseon
6%
Kingdom of Armenia
6%
Kingdom of Beni Abbas
6%
Kingdom of Haiti
6%
Kingdom of Hungary
6%
Kingdom of Sikkim (Royal Flag)
6%
Raj of Sarawak
6%
Republic of New Granada
6%
Wa State
6%
Aceh Sultanate
3%
British Burma
3%
British Mauritius
3%
Crown Colony of Sarawak
3%
Delhi Sultanate
3%
First Katipunan Republic
3%
French Sudan
3%
German New Guinea
3%
Goryeo
3%
Hanthawaddy Kingdom
3%
Khmer Empire
3%
Kingdom of Hanover
3%
Konbaung dynasty
3%
Ryukyu
3%
Shan States
3%
Sikh Confederacy
3%
South Peru
3%
Sultanate of Cirebon
3%
Sultanate of Zanzibar
3%
Tajik Autonomous Soviet Socialist Republic
3%
Tanganyika
3%
Timurid Empire
3%
Transcaucasian Socialist Federative Soviet Republic
3%
Tuvan People's Republic
3%
Uryankhay Krai
3%
Vijayanagara Empire
3%
No matching quizzes found
Score Distribution
Percent of People with Each Score
Percentile by Number Answered
Your Score History
You have not taken this quiz